| 000 | 00595nam a22002057a 4500 | ||
|---|---|---|---|
| 003 | DO-SdBNP | ||
| 005 | 20210906150749.0 | ||
| 007 | ta | ||
| 008 | 210906b 2018 dr 00| 0 eng d | ||
| 020 | _a9789945912203 | ||
| 040 |
_aDO-SdBNP _bspa _cBNPHU |
||
| 100 | 1 |
_aHuerta, Adriana de _979766 |
|
| 245 | 1 | 3 |
_aLa iglesia perfecta / _cAdriana de H{uerta |
| 260 |
_aSanto Domingo : _bPublicaciones Libertad, _c2018. |
||
| 300 |
_a181 p. ; _c21 cm. |
||
| 500 | _aIncluye datos biográficos de la autora en la contracubierta | ||
| 590 | _aInventariado, 2021/BT | ||
| 910 | _aBtavárez | ||
| 942 |
_2ddc _cLBS1 |
||
| 999 |
_c50428 _d50428 |
||